00757cam a2200181 a 4500020002200000040000800022082002600030245019200056260009500248300003900343650002000382650002500402650001600427700001800443710003900461710001900500710005600519 a9251047642 (pbk.) cUKM a639 FOO 2002 A090 Or.00aPrimary aquatic animal health care in rural, small-scale, aquaculture development :btechnical proceedings of the Asia Regional Scoping Workshop, Dhaka, Bangladesh, 27-30 September 1999 / aRome ;a[Great Britain] :bFood and Agriculture Organization of the United Nations,c2002. aix, 382 p. :bill., maps ;c30 cm. 0aAquatic animals 0aAquaculture industry 0aAquaculture1 aArthur, J. R.2 aFood and Agriculture Organization.1 aGreat Britain.2 aNetwork of Aquaculture Centres in Asia and Pacific.